000 00329nam a2200097Ia 4500
008 220120s9999||||xx |||||||||||||| ||und||
100 _aArpitha G A and others
_912530
245 0 _aTouch driven interaction via NFC enebled smart phone via web
260 _aCoorg Institute of Technology
_bPonnampet
_c2008
650 _aCOMPUTER SCIENCE
999 _c138128
_d138128